Statistics for Premier League 2018/2019 Table (So far)

Click here to take the quiz!

General Stats

  • This quiz has been taken 35 times
    (24 since last reset)
  • The average score is 15 of 20

Answer Stats

PointsHintAnswer% Correct
262Liverpool
100%
261Manchester City
100%
178Manchester United
100%
224Arsenal
90%
243Chelsea
90%
215Spurs
90%
197Watford
85%
159Everton
75%
319Huddersfield
75%
320Newcastle
75%
716Southampton
75%
814West Ham
75%
206Bournemouth
70%
517Cardiff City
70%
518Fulham
70%
1311Leicester City
70%
815Crystal Palace
60%
1412Brighton
55%
813Burnley
55%
1510Wolbves
0%

Score Distribution

Percentile by Number Answered

Percent of People with Each Score

Your Score History

You have not taken this quiz since the last reset